=LDR 00000nam 2200000 4500 =001 NUTBA000000000001099 =005 20140412120204.0 =006 =007 =008 =020 ##$$a 978-979-1446-13-6 =035 ##$$a 0010-041400000000369 =082 ##$$a 618.2 =090 ##$$a 618.2 Yan p =100 ##$$a Yanti $q SST.,M.Keb =245 ##$$a Panduan Praktis Menghadapi Uap Metode OSCA [Objective Structure Clinical Assesment] =250 ##$$a Cet.2 =260 ##$$a Jogjakarta $b Mitra Cendikia $c 2009 =300 ##$$a vii,133 hlm $c 21 cm. =850 ##$$a NBPNMAT =990 ##$$a 93528/BPAP-NTB/2014